[Event "Jastrzebie Zdroj op"]
[Site "Jastrzebie Zdroj"]
[Date "2022.11.25"]
[Round "8"]
[White "Lassak, Franciszek"]
[Black "Wojs, Alicja"]
[Result "1/2-1/2"]
[WhiteElo "1289"]
[BlackElo "1434"]
[PlyCount "116"]
[EventDate "2022.11.19"]
[EventType "swiss"]
[EventRounds "9"]
[EventCountry "POL"]
[SourceTitle "CBM 211 Extra"]
[Source "ChessBase"]
[SourceDate "2023.01.31"]
[SourceVersion "1"]
[SourceVersionDate "2023.01.31"]
[SourceQuality "1"]

1. a3 d5 2. d4 Bf5 3. Bf4 Nf6 4. e3 e6 5. c4 c6 6. c5 Nbd7 7. Nd2 Be7 8. h3 Ne4 9. Ngf3 Nxd2 10. Nxd2 e5 11. Bh2 0-0 12. Nf3 exd4 13. Nxd4 Bg6 14. b4 a6 15. Bd3 Bf6 16. Bxg6 hxg6 17. 0-0 Re8 18. Re1 Be5 19. Bxe5 Nxe5 20. Qb3 Qf6 21. Rad1 g5 22. e4 Ng6 23. Nf5 Rxe4 24. Rxe4 dxe4 25. Nd6 Qe7 26. Re1 Nf4 27. Rxe4 Ne6 28. h4 b6 29. Qc3 bxc5 30. bxc5 Qa7 31. Re5 Rd8 32. Qe3 Qd7 33. Rf5 Nxc5 34. Nxf7 Qxf5 35. Nxd8 gxh4 36. Nxc6 Kh7 37. Ne7 Qh5 38. Qd2 g6 39. Qd8 Kg7 40. Qd4+ Kf7 41. Nd5 Nd7 42. Qf4+ Qf5 43. Qd6 Qe6 44. Qxe6+ Kxe6 45. Nc7+ Kd6 46. Nxa6 Ne5 47. Kh2 Ng4+ 48. Kh3 Nxf2+ 49. Kxh4 Ne4 50. Kg4 Kd5 51. Nb4+ Kc4 52. Kf4 Nd2 53. Kg5 Kb3 54. Kxg6 Kxa3 55. Nd5 Kb3 56. g4 Kc4 57. Kf7 Kxd5 58. g5 Nf3 1/2-1/2

[Event "Jastrzebie Zdroj op"]
[Site "Jastrzebie Zdroj"]
[Date "2022.11.21"]
[Round "4"]
[White "Lassak, Franciszek"]
[Black "Adamczyk, Piotr"]
[Result "1-0"]
[WhiteElo "1289"]
[BlackElo "1739"]
[PlyCount "53"]
[EventDate "2022.11.19"]
[EventType "swiss"]
[EventRounds "9"]
[EventCountry "POL"]
[SourceTitle "CBM 211 Extra"]
[Source "ChessBase"]
[SourceDate "2023.01.31"]
[SourceVersion "1"]
[SourceVersionDate "2023.01.31"]
[SourceQuality "1"]

1. e4 e6 2. d4 d5 3. e5 c5 4. c3 Nc6 5. Nf3 Qb6 6. Be2 cxd4 7. cxd4 Bb4+ 8. Nc3 Nge7 9. 0-0 Bxc3 10. bxc3 Bd7 11. Ba3 a6 12. Bc5 Qa5 13. Qb3 b5 14. a4 b4 15. cxb4 Qc7 16. b5 Qb7 17. Qc3 Na7 18. Rfb1 axb5 19. axb5 Nac8 20. Rxa8 Qxa8 21. Qb4 f5 22. b6 Qb7 23. Qa3 Nc6 24. Ba6 Qb8 25. b7 Kf7 26. Ng5+ Ke8 27. bxc8R+ 1-0

[Event "Jastrzebie Zdroj op"]
[Site "Jastrzebie Zdroj"]
[Date "2022.11.20"]
[Round "3"]
[White "Gaszka, Zuzanna"]
[Black "Lassak, Franciszek"]
[Result "0-1"]
[WhiteElo "1686"]
[BlackElo "1289"]
[PlyCount "96"]
[EventDate "2022.11.19"]
[EventType "swiss"]
[EventRounds "9"]
[EventCountry "POL"]
[SourceTitle "CBM 211 Extra"]
[Source "ChessBase"]
[SourceDate "2023.01.31"]
[SourceVersion "1"]
[SourceVersionDate "2023.01.31"]
[SourceQuality "1"]

1. e4 c5 2. Nf3 d6 3. d4 cxd4 4. Nxd4 Nf6 5. Nc3 a6 6. f4 Qc7 7. Bd3 Nbd7 8. a4 Nc5 9. 0-0 h5 10. Nf3 h4 11. a5 h3 12. g3 e5 13. f5 Bd7 14. Bg5 Bc6 15. Qe2 b5 16. b4 Ncd7 17. Rad1 Be7 18. Rfe1 Ng4 19. Kh1 Bxg5 20. Nxg5 Ndf6 21. Nd5 Bxd5 22. exd5 Qa7 23. Rd2 0-0 24. Be4 Rfc8 25. Bf3 Rc4 26. c3 Rac8 27. Nxh3 Nh6 28. Ng5 Rxc3 29. g4 R8c4 30. Ne4 Nxe4 31. Bxe4 f6 32. g5 fxg5 33. Qh5 Qf7 34. Qxg5 Qf6 35. Qg1 Qh4 36. f6 g5 37. Rde2 Rd4 38. Bg6 Rf3 39. Rg2 g4 40. f7+ Nxf7 41. Rc1 Ng5 42. Rc8+ Kg7 43. Qb1 Rf2 44. Be8 Ne4 45. Rc7+ Kh6 46. Qc1+ Rdd2 47. Rxf2 Qxf2 48. Qg1 Qf3+ 0-1